| 000 | 01980nam a2200469 a 4500 | ||
|---|---|---|---|
| 001 | ebr10648851 | ||
| 003 | CaPaEBR | ||
| 006 | m u | ||
| 007 | cr cn||||||||| | ||
| 008 | 050315r20052002txuab sb 001 0aeng d | ||
| 010 | _z 2005046928 | ||
| 020 | _z9781574411980 (paper alk. paper) | ||
| 020 | _z1574411985 (paper alk. paper) | ||
| 020 | _z9781574414639 (e-book) | ||
| 040 |
_aCaPaEBR _cCaPaEBR |
||
| 035 | _a(OCoLC)806059420 | ||
| 043 |
_an-us--- _ae-gx--- _aa-ja--- |
||
| 050 | 1 | 4 |
_aD790.2 _b.N88 2005eb |
| 082 | 0 | 4 |
_a940.54/4973/092 _aB _222 |
| 100 | 1 | _aNutter, Ralph H. | |
| 245 | 1 | 0 |
_aWith the possum and the eagle _h[electronic resource] : _bthe memoir of a navigator's war over Germany and Japan / _cRalph H. Nutter. |
| 260 |
_aDenton, Tex. : _bUniversity of North Texas Press, _cc2005. |
||
| 300 |
_axiv, 327 p. : _bill., maps. |
||
| 440 | 0 |
_aNorth Texas military biography and memoir series ; _vno. 2 |
|
| 500 | _aOriginally published: Novato, CA : Presidio, 2002. | ||
| 504 | _aIncludes bibliographical references (p. 321-322) and index. | ||
| 505 | 0 | _apt. I. The air war against Germany -- pt. II. The air war against Japan. | |
| 533 |
_aElectronic reproduction. _bPalo Alto, Calif. : _cebrary, _d2013. _nAvailable via World Wide Web. _nAccess may be limited to ebrary affiliated libraries. |
||
| 600 | 1 | 0 | _aNutter, Ralph H. |
| 600 | 1 | 0 | _aHansell, Haywood S. |
| 600 | 1 | 0 | _aLeMay, Curtis E. |
| 650 | 0 |
_aWorld War, 1939-1945 _xAerial operations, American. |
|
| 650 | 0 |
_aWorld War, 1939-1945 _vPersonal narratives, American. |
|
| 650 | 0 |
_aFlight navigators, Military _zUnited States _vBiography. |
|
| 650 | 0 |
_aBombing, Aerial _zGermany. |
|
| 650 | 0 |
_aBombing, Aerial _zJapan. |
|
| 650 | 0 | _aB-17 bomber. | |
| 650 | 0 | _aB-29 (Bomber) | |
| 655 | 7 |
_aElectronic books. _2local |
|
| 710 | 2 | _aebrary, Inc. | |
| 856 | 4 | 0 |
_uhttp://site.ebrary.com/lib/rucke/Doc?id=10648851 _zAn electronic book accessible through the World Wide Web; click to view |
| 999 |
_c44887 _d44887 |
||